Sports Quiz

Random Sports or Baseball Quiz

Top 100 HR Hitting Last Names in MLB History Quiz Stats

 Plays Quiz not verified by Sporcle

Challenge
Share
Tweet
Score 0/100 Timer 15:00
0 Plays Today
Total Last Name % Correct
1,094Bonds
95.3%
714Ruth
93.9%
2,613Williams
92%
1,261Rodriguez
91.6%
768Aaron
91.4%
1,980Jones
90.7%
1,377Smith
90.3%
1,265Jackson
89.4%
2,176Johnson
88.7%
782Griffey
87.7%
668Mays
85.8%
613Sosa
84.9%
583McGwire
84.5%
1,376Thomas
84%
536Mantle
83.4%
1,098Ramirez
83.2%
1,524Robinson
82.2%
589Thome
81.4%
690May
81.3%
493Gehrig
79.8%
1,502Gonzalez
77.7%
573Killebrew
76%
607Schmidt
74.8%
545Ott
71.6%
573DiMaggio
71.4%
534Foxx
71.3%
595Green
70.7%
581Palmeiro
70.1%
521McCovey
69.5%
1,140Martinez
69.2%
451Ripken
69.1%
570Murray
68.8%
415Pujols
68.5%
462Canseco
68.4%
Total Last Name % Correct
534Banks
67.1%
883Howard
67%
1,203Wilson
65.9%
475Musial
65.3%
2,069Davis
64.6%
1,269Bell
64.3%
509Sheffield
64.3%
772Anderson
64.2%
475Stargell
63.4%
482Martin
63.3%
451Bagwell
63.2%
731Carter
63.1%
1,146Walker
62.3%
535Mathews
62.1%
562Rice
59.6%
1,062White
59.1%
496McGriff
58.8%
670Guerrero
58.7%
511Fielder
58.4%
856Evans
56.5%
713Murphy
56.2%
410Cash & Parker
55.5%
478Delgado
54.7%
738Brown
54.6%
601Alou
54.1%
452Yastrzemski
53.7%
666Boone
53.4%
656Perez
53.4%
465Winfield
53.2%
438Dawson
53.2%
898Lee
52.9%
427Piazza
52.3%
434Snider
52.2%
442Kingman
52%
Total Last Name % Correct
467Giambi
51.9%
994Young
51.3%
686Henderson
51.2%
1,115Clark
49%
472Cabrera
46.4%
547Hernandez
46.4%
709Vaughn
45%
419Foster
42.3%
738Thompson
42.1%
528Allen
38.1%
434Baker
36.6%
660Lopez
35.7%
577Simmons
35.6%
463Cooper
34%
439Powell
33.4%
645Cruz
33.4%
587Miller
33.2%
480Pena
32.8%
580Parrish
24.8%
449Collins
22.5%
451Scott
21.9%
529Phillips
18.5%
444Boyer
18.5%
511Oliver
17.7%
501Gordon
17.4%
452Hall
17.1%
502Kelly
15.3%
439Hayes
13.1%
413Moore
12.8%
416Lemon
10.6%
418Valentin
10.5%
490Ward
6%

You're not logged in!

Compare scores with friends on all Sporcle quizzes.
Join for Free
OR
Log In

You Might Also Like...

Show Comments

Extras

Top Quizzes Today


Score Distribution

Your Account Isn't Verified!

In order to create a playlist on Sporcle, you need to verify the email address you used during registration. Go to your Sporcle Settings to finish the process.

Report this User

Report this user for behavior that violates our Community Guidelines.

Details: